The amazinf fact book of planes / (Record no. 8057)

MARC details
000 -LEADER
fixed length control field 00990nam a22003017a 4500
001 - CONTROL NUMBER
control field 8057
003 - CONTROL NUMBER IDENTIFIER
control field FISKH
005 - DATE AND TIME OF LATEST TRANSACTION
control field 20250820085059.0
008 - FIXED-LENGTH DATA ELEMENTS--GENERAL INFORMATION
fixed length control field 250820b cb ||||| |||| 00| 0 eng d
020 ## - INTERNATIONAL STANDARD BOOK NUMBER
International Standard Book Number 0865500061
040 ## - CATALOGING SOURCE
Original cataloging agency FISKH
Language of cataloging eng
Transcribing agency FISKH
Modifying agency FISKH
050 ## - LIBRARY OF CONGRESS CALL NUMBER
Classification number TL670.L46
082 ## - DEWEY DECIMAL CLASSIFICATION NUMBER
Classification number 629.133
100 ## - MAIN ENTRY--PERSONAL NAME
Personal name Lenga, Rosalind
245 ## - TITLE STATEMENT
Title The amazinf fact book of planes /
Statement of responsibility, etc. by Rosalind Lenga : Illustrated by Roy Coombs
250 ## - EDITION STATEMENT
Edition statement First published in USA by A&P Book 1980
260 ## - PUBLICATION, DISTRIBUTION, ETC.
Place of publication, distribution, etc. Mankato :
Name of publisher, distributor, etc. A & P/ Creative Education ,
Date of publication, distribution, etc. 1979.
300 ## - PHYSICAL DESCRIPTION
Extent 32 pages :
Other physical details color illustrations ;
Dimensions 24 cm .
505 ## - FORMATTED CONTENTS NOTE
Formatted contents note M <br/>
520 ## - SUMMARY, ETC.
Summary, etc. Pictures and text describe twenty-four planes from 1870 to the present, including the world's largest aircraft.
521 8# - TARGET AUDIENCE NOTE
Target audience note 550 <br/>
Source Lexile estimate <br/>
521 8# - TARGET AUDIENCE NOTE
Target audience note M <br/>
Source Raz-Plus <br/>
650 ## - SUBJECT ADDED ENTRY--TOPICAL TERM
Topical term or geographic name entry element Flight
Form subdivision Non-fiction
650 ## - SUBJECT ADDED ENTRY--TOPICAL TERM
Topical term or geographic name entry element Planes
Form subdivision Non-fiction
700 ## - ADDED ENTRY--PERSONAL NAME
Personal name Coombs, Roy
Relator term Illustrator
942 ## - ADDED ENTRY ELEMENTS (KOHA)
Source of classification or shelving scheme Dewey Decimal Classification
Koha item type Books
Suppress in OPAC No
Holdings
Withdrawn status Lost status Source of classification or shelving scheme Damaged status Not for loan Home library Current library Shelving location Date acquired Total Checkouts Full call number Barcode Date last seen Price effective from Koha item type
    Dewey Decimal Classification     Footprints International School Library Network Toul Tom Poung Campus Footprints International School Library Network Toul Tom Poung Campus TTP Primary Yellow Bookshelves 08/20/2025   LEN 629.133 TL670.L46 FIS01379 08/20/2025 08/20/2025 Books